13 lectures on Fermat's last theorem /

Guardado en:
Autor Principal: Ribenboim, Paulo.
Formato: Libro
Idioma:English
Publicado: New York : Springer-Verlag, c1979.
Materias:
Etiquetas: Agregar Etiqueta
Sin Etiquetas, Sea el primero en etiquetar este registro!
LEADER 00718cam a2200217 a 4500
001 MAT.inmabb002903
008 790507s1979####nyuc#####b####001#0#eng##
005 20130228103622.0
245 1 0 |a 13 lectures on Fermat's last theorem /  |c Paulo Ribenboim. 
260 |a New York :  |b Springer-Verlag,  |c c1979. 
300 |a xvi, 302 p. :  |b retr. ;  |c 25 cm. 
504 |a Incluye referencias bibliográficas e índices. 
510 4 |a MR,  |c 81f:10023 
020 |a 0387904328 
100 1 |a Ribenboim, Paulo. 
246 3 |a Thirteen lectures on Fermat's last theorem 
650 0 |a Fermat's last theorem. 
084 |a 11D41 (01A55 11Rxx)  |2 msc2000 
010 |a  79014874  
040 |a DLC  |c DLC  |d DLC 
859 |h 11  |i R484  |p A-4958  |b BIB. MATEMATICA